000
00323 a2200157 4500
001
194916
040
_c
Magnum
100
_a
GOMES, Naiana
240
1
0
_a
O sítio da alegria
_l
por
245
1
0
_a
O sítio da alegria
300
_a
15
362
0
_a
2010
440
1
_a
SEDUC
697
_a
LITERATURA INFANTIL
942
_c
BK
999
_c
194916
_d
194916